| 000 | 01821cam a22003375i 4500 | ||
|---|---|---|---|
| 003 | EG-ScBUE | ||
| 005 | 20250702082857.0 | ||
| 008 | 160712t2018 maua f 001 0 eng d | ||
| 020 | _a9781305957404 | ||
| 020 | _a1305957407 | ||
| 040 |
_aEG-ScBUE _beng _erda _cEG-ScBUE _dEG-ScBUE |
||
| 082 | 0 | 4 |
_a540 _bZUM _222 |
| 100 | 1 |
_aZumdahl, Steven S., _931077 _eauthor. |
|
| 245 | 1 | 0 |
_aChemistry / _cSteven S. Zumdahl, University of Illinois, Susan A. Zumdahl, University of Illinois, Donald J. DeCoste, University of Illinois ; digital consultant and contributor Gretchen Adams, University of Illinois. |
| 250 | _aTenth edition. | ||
| 264 | 1 |
_aBoston, Massachusetts : _bCengage Learning, _c[2018] |
|
| 264 | 4 | _cc2018 | |
| 300 |
_a1 volume (various pagings) : _bcolor illustrations ; _c28 cm |
||
| 336 |
_2rdacontent _atext _btxt |
||
| 337 |
_aunmediated _2rdamedia _bn |
||
| 338 |
_avolume _bnc _2rdacarrier |
||
| 500 | _aIncludes index. | ||
| 500 | _aIncludes Appendices. | ||
| 520 | _aLearn the skills you need to succeed in your chemistry course with CHEMISTRY, Tenth Edition. This trusted text has helped generations of students learn to "think like chemists" and develop problem-solving skills needed to master even the most challenging problems. Clear explanations and interactive examples help you build confidence for the exams, so that you can study to understand rather than simply memorize. Combined with the online resources and instant feedback in OWLv2, you'll be on your way to developing a deeper understanding of chemistry concepts and solving complex problems in all aspects of your life. | ||
| 650 | 7 |
_aChemistry. _2BUEsh |
|
| 653 |
_bENGCHE _cApril2019 |
||
| 655 | _vReading book | ||
| 700 | 1 |
_aZumdahl, Susan A., _936107 _eauthor. |
|
| 700 | 1 |
_aDeCoste, Donald J., _eauthor. |
|
| 942 |
_2ddc _cBB |
||
| 999 |
_c27361 _d27332 |
||